000 04281nam a22005655i 4500
001 978-3-319-44136-8
003 DE-He213
005 20210118130502.0
007 cr nn 008mamaa
008 161007s2017 gw | s |||| 0|eng d
020 _a9783319441368
_9978-3-319-44136-8
024 7 _a10.1007/978-3-319-44136-8
_2doi
050 4 _aRD1-811
072 7 _aMNC
_2bicssc
072 7 _aMED085000
_2bisacsh
072 7 _aMNC
_2thema
082 0 4 _a617
_223
245 1 0 _aManagement of Adrenal Masses in Children and Adults
_h[electronic resource] /
_cedited by Electron Kebebew.
250 _a1st ed. 2017.
264 1 _aCham :
_bSpringer International Publishing :
_bImprint: Springer,
_c2017.
300 _aXIV, 310 p. 74 illus., 37 illus. in color.
_bonline resource.
336 _atext
_btxt
_2rdacontent
337 _acomputer
_bc
_2rdamedia
338 _aonline resource
_bcr
_2rdacarrier
347 _atext file
_bPDF
_2rda
505 0 _aEpidemiology of Adrenal Neoplasms -- The Pathology of Adrenal Masses -- Genetics of Benign Adrenocortical Tumors -- Genetics of Adrenocortical Cancers -- Genetics of Pheochromocytoma and Paraganglioma -- Imaging Modalities for Adrenocortical Tumors -- Imaging Modalities for Pheochromocytoma and Paraganglioma -- Primary Hyperaldosteronism -- Cushing Syndrome: Presentation, Diagnosis, and Treatment, Including Subclinical Cushing Syndrome -- Management of Pheochromocytoma and Paraganglioma -- Congenital Adrenal Hyperplasia -- Adrenocortical Carcinoma -- Operative Techniques for Adrenal Neoplasms -- Therapies for Locally Advanced and Metastatic Adrenocortical Carcinoma -- .
520 _aThis book is designed to present a comprehensive and state-of the-art approach to the management of adrenal neoplasms that provides a resource to the broad group of providers that will encounter such a patient. Sections address issues that are faced by providers who encounter a patient with an adrenal neoplasm. These areas include an overview of the genetic basis and familial cancer syndrome-associated with adrenal neoplasms, pathobiology, advanced and tumor specific imaging approaches and technologies, biochemical analysis, standard medical and surgical therapies, and emerging technology and treatment approaches to benign and malignant adrenal neoplasms. Written by experts in the field, each of these sections address level of clinical evidence and provide recommendations and treatment algorithms. Extensive illustrations make this an interactive text. Management of Adrenal Masses in Children and Adults will serve as a very useful resource for all providers dealing with, and interested in this common but challenging tumor. It will provide a concise yet comprehensive summary of the current status of the field that will help guide patient management and stimulate investigative efforts.
650 0 _aSurgery.
650 0 _aOncology  .
650 0 _aEndocrinology .
650 1 4 _aGeneral Surgery.
_0http://scigraph.springernature.com/things/product-market-codes/H59044
650 2 4 _aOncology.
_0http://scigraph.springernature.com/things/product-market-codes/H33160
650 2 4 _aEndocrinology.
_0http://scigraph.springernature.com/things/product-market-codes/H33053
700 1 _aKebebew, Electron.
_eeditor.
_4edt
_4http://id.loc.gov/vocabulary/relators/edt
710 2 _aSpringerLink (Online service)
773 0 _tSpringer eBooks
776 0 8 _iPrinted edition:
_z9783319441344
776 0 8 _iPrinted edition:
_z9783319441351
776 0 8 _iPrinted edition:
_z9783319829913
856 4 0 _uhttps://doi.org/10.1007/978-3-319-44136-8
912 _aZDB-2-SME
999 _c447418
_d447418
942 _cEB
506 _aAvailable to subscribing member institutions only. Доступно лише організаціям членам підписки.
506 _fOnline access from local network of NaUOA.
506 _fOnline access with authorization at https://link.springer.com/
506 _fОнлайн-доступ з локальної мережі НаУОА.
506 _fОнлайн доступ з авторизацією на https://link.springer.com/